000 00548nam a22002297a 4500
001 86718
003 UA-OsUOA
005 20211105213025.0
007 ta
008 20120910b un ||||| |||| 00| 0 ukr d
040 _aUA-OsUOA
_brus
_cUA-OsUOA
_dUA-OsUOA
041 _arus
080 _a94(470+571)
090 _a94(470+571)
_bС45
100 _aСкрынников Р.
245 _aБорис Годунов
260 _aМ.
_bНаука
_c1983
300 _a188 с.
650 7 _a94 Історія
_2UDC
942 _cBK
_2udc
955 _a4
999 _c372875
_d372875